May 2011 : Poer tools, 158 full free applications, linux des (Record no. 139677)

000 -LEADER
fixed length control field 00273nmm a2200097Ia 4500
008 - FIXED-LENGTH DATA ELEMENTS--GENERAL INFORMATION
fixed length control field 220120s9999||||xx |||||||||||||||||und||
020 ## - INTERNATIONAL STANDARD BOOK NUMBER
International Standard Book Number 0-07-052929
100 ## - MAIN ENTRY--PERSONAL NAME
Personal name CHIP magazine
245 #0 - TITLE STATEMENT
Title May 2011 : Poer tools, 158 full free applications, linux des
260 ## - PUBLICATION, DISTRIBUTION, ETC.
Place of publication, distribution, etc. Infomedia18
Holdings
Withdrawn status Lost status Damaged status Not for loan Home library Current library Date acquired Barcode Date last seen Price effective from Koha item type
        Central Library Central Library 01/20/2022 CD1228 01/20/2022 01/20/2022 Compact Disc

Powered by Koha